Dictionary of mechanical engineering / (Record no. 61064)
[ view plain ]
| 000 -LEADER | |
|---|---|
| fixed length control field | 00942cam a2200277 i 4500 |
| 001 - CONTROL NUMBER | |
| control field | 4112979 |
| 003 - CONTROL NUMBER IDENTIFIER | |
| control field | NUST-PNEC |
| 005 - DATE AND TIME OF LATEST TRANSACTION | |
| control field | 20170116180713.0 |
| 008 - FIXED-LENGTH DATA ELEMENTS--GENERAL INFORMATION | |
| fixed length control field | 751008s1975 enka d 000 0 eng |
| 010 ## - LIBRARY OF CONGRESS CONTROL NUMBER | |
| LC control number | 75326143 |
| 015 ## - NATIONAL BIBLIOGRAPHY NUMBER | |
| National bibliography number | GB*** |
| 020 ## - INTERNATIONAL STANDARD BOOK NUMBER | |
| International Standard Book Number | 0408001755 |
| Terms of availability | £4.50 |
| 040 ## - CATALOGING SOURCE | |
| Transcribing agency | PNEC |
| 050 00 - LIBRARY OF CONGRESS CALL NUMBER | |
| Classification number | TJ9 |
| Item number | .N3 1975 |
| 082 00 - DEWEY DECIMAL CLASSIFICATION NUMBER | |
| Classification number | 621.03 NAY |
| 100 1# - MAIN ENTRY--PERSONAL NAME | |
| Personal name | Nayler, J. L. |
| Fuller form of name | (Joseph Lawrence), |
| Dates associated with a name | 1891- |
| 245 10 - TITLE STATEMENT | |
| Title | Dictionary of mechanical engineering / |
| Statement of responsibility, etc. | by J. L. and G. H. F. Nayler. |
| 250 ## - EDITION STATEMENT | |
| Edition statement | 2d ed. |
| 260 ## - PUBLICATION, DISTRIBUTION, ETC. | |
| Place of publication, distribution, etc. | London : |
| Name of publisher, distributor, etc. | Newnes-Butterworths, |
| Date of publication, distribution, etc. | 1975. |
| 300 ## - PHYSICAL DESCRIPTION | |
| Extent | 410 p. : |
| Other physical details | ill. ; |
| Dimensions | 23 cm. |
| 500 ## - GENERAL NOTE | |
| General note | http://www.amazon.com/Dictionary-Mechanical-Engineering-G-H-F-Nayler/dp/0408001755/ref=sr_1_1?ie=UTF8&qid=1413435514&sr=8-1&keywords=0408001755 |
| 650 #0 - SUBJECT ADDED ENTRY--TOPICAL TERM | |
| Topical term or geographic name entry element | Mechanical engineering |
| General subdivision | ME, IME |
| 700 1# - ADDED ENTRY--PERSONAL NAME | |
| Personal name | Nayler, G. H. F., |
| Relator term | joint author. |
| 906 ## - LOCAL DATA ELEMENT F, LDF (RLIN) | |
| a | 7 |
| b | cbc |
| c | orignew |
| d | 3 |
| e | ncip |
| f | 19 |
| g | y-gencatlg |
| 942 ## - ADDED ENTRY ELEMENTS (KOHA) | |
| Source of classification or shelving scheme | |
| Koha item type | Book |
| Withdrawn status | Lost status | Source of classification or shelving scheme | Damaged status | Not for loan | Permanent Location | Current Location | Shelving location | Date acquired | Source of acquisition | Cost, normal purchase price | Total Checkouts | Full call number | Barcode | Date last seen | Cost, replacement price | Price effective from | Koha item type |
|---|---|---|---|---|---|---|---|---|---|---|---|---|---|---|---|---|---|
| Pakistan Navy Engineering College (PNEC) | Pakistan Navy Engineering College (PNEC) | Reference | 07/19/1990 | - | 0.00 | 621.03 NAY | PNECLIB-007067 | 10/16/2014 | 0.00 | 07/19/1990 | Book |
